|
|
|
|
| LEADER |
02665nam a2200565 i 4500 |
| 001 |
nkc20253686813 |
| 003 |
CZ PrNK |
| 005 |
20250707121208.0 |
| 007 |
ta |
| 008 |
250527s2025 xr a f 100 0 cze |
| 015 |
|
|
|a cnb003686813
|
| 020 |
|
|
|a 978-80-7417-287-8
|q (brožováno)
|
| 035 |
|
|
|a (OCoLC)1527577521
|
| 040 |
|
|
|a OLA001
|b cze
|d ABA001
|e rda
|
| 072 |
|
7 |
|a 630
|x Lesnictví
|2 Konspekt
|9 24
|
| 080 |
|
|
|a 582.622.2
|2 MRF
|
| 080 |
|
|
|a 630.23
|2 MRF
|
| 080 |
|
|
|a 630.236
|2 MRF
|
| 080 |
|
|
|a 630
|2 MRF
|
| 080 |
|
|
|a (062.534)
|2 MRF
|
| 111 |
2 |
|
|a Pěstování a výchova březových porostů vzniklých přirozeným způsobem na kalamitních holinách (seminář)
|d (2025 :
|c Hluboká nad Vltavou, Česko)
|7 olak20251264339
|4 aut
|
| 245 |
1 |
0 |
|a Pěstování a výchova březových porostů vzniklých přirozeným způsobem na kalamitních holinách :
|b Hluboká nad Vltavou, 22.5.2025 /
|c editor sborníku a odborný garant semináře: Jiří Novák
|
| 264 |
|
1 |
|a Strnady :
|b Výzkumný ústav lesního hospodářství a myslivosti, v.v.i.,
|c 2025
|
| 300 |
|
|
|a 44 stran :
|b ilustrace (převážně barevné) ;
|c 30 cm
|
| 336 |
|
|
|a text
|b txt
|2 rdacontent
|
| 337 |
|
|
|a bez média
|b n
|2 rdamedia
|
| 338 |
|
|
|a svazek
|b nc
|2 rdacarrier
|
| 500 |
|
|
|a Pod názvem: Výzkumný ústav lesního hospodářství a myslivosti, v.v.i.; MENDELU, Lesnická a dřevařská fakulta; Národní zemědělské muzeum, Ohrada; Česká komora odborných lesních hospodářů
|
| 500 |
|
|
|a 60 výtisků
|
| 504 |
|
|
|a Obsahuje bibliografie
|
| 650 |
0 |
7 |
|a bříza
|7 ph203157
|2 czenas
|
| 650 |
0 |
7 |
|a obnova lesních porostů
|7 ph136605
|2 czenas
|
| 650 |
0 |
7 |
|a pěstování mladých lesních porostů
|7 ph135510
|2 czenas
|
| 650 |
0 |
7 |
|a lesní hospodářství
|7 ph115114
|2 czenas
|
| 650 |
0 |
9 |
|a birch
|2 eczenas
|
| 650 |
0 |
9 |
|a reforestation
|2 eczenas
|
| 650 |
0 |
9 |
|a young forest growing
|2 eczenas
|
| 650 |
0 |
9 |
|a forest management
|2 eczenas
|
| 655 |
|
7 |
|a sborníky konferencí
|7 fd133333
|2 czenas
|
| 655 |
|
9 |
|a proceedings of conferences
|2 eczenas
|
| 700 |
1 |
|
|a Novák, Jiří,
|d 1971-
|7 ola2004235393
|4 edt
|
| 710 |
2 |
|
|a Výzkumný ústav lesního hospodářství a myslivosti
|7 ko2002159700
|4 orm
|4 isb
|
| 710 |
2 |
|
|a Mendelova univerzita.
|b Lesnická a dřevařská fakulta
|7 uzp2010555100
|4 orm
|
| 710 |
2 |
|
|a Muzeum lesnictví, myslivosti a rybářství (Hluboká nad Vltavou, Česko)
|7 olak2007396519
|4 orm
|
| 710 |
2 |
|
|a Česká komora odborných lesních hospodářů
|7 olak2012684237
|4 orm
|
| 910 |
2 |
|
|a BOA001
|b 4-1547.242
|
| 990 |
|
|
|a BK
|
| 995 |
|
|
|a 01
|
| 991 |
|
|
|b 202507
|c NOV
|
| 996 |
6 |
|
|b 2611008362
|c 4-1547.242
|l MZK
|r Sklad / do 1 hodiny
|n 0
|p p.v.
|w 002010690
|u 000010
|a 1
|e BOA001
|j MZK50
|s P
|